000 02891nam a2200385 a 4500
001 000001818
005 20200929145720.0
008 090629s2005 cu ac 001 0 spa d
020 _a959211269X
040 _aDO-SdBNP
_bspa
_cBNPHU
082 _a303.625
_bW442h
245 0 0 _aWelcome Home :
_btorturadores, asesinos y terroristas refugiados en EE. UU. /
_cprólogo Gerardo Hernández Nordelo ; Heriberto Rosabal ... [et al.].
260 _aLa Habana :
_bCapitán San Luis,
_c2005.
300 _a273 p. :
_bil., retrs. ;
_c22 cm.
505 0 _gPrólogo /
_rGerardo Hernández Nordelo --
_tEsteban Ventura Novo: el hombre del traje blanco /
_rHeriberto Rosabal --
_tRafael Díaz-Balart y familia: almas en subasta /
_rMercedes Alonso y Pedro A. García --
_tOrlando Piedra: el hombre de oro de Batista /
_rCiro Bianchi Ross --
_tRolando Masferrer Rojas: ¡Voló en pedazos el "Tigre"! /
_rAmaury E. del Valle --
_tRelación de otros connotados esbirros de la dictadura batistiana que encontraron refugio en Estados Unidos --
_tAndrés Nazario Sargén: "Habrán hechos de sangre" /
_rPedro de la Hoz --
_tOrlando Bosch Ávila: tiene cientos de muertos clavados en las pestañas /
_rJosé Antonio Fulgueiras --
_tGuillermo Novo Sampoll: ¡Yo no soy un terrorista! /
_rManuel Hevia Frasquieri --
_tPedro Crispín Remón Rodríguez: el sicario de la máscara negra /
_rManuel Hevia Frasquieri --
_tLuis Zuñiga Rey: "Es nuestro hijo de puta..." /
_rLuis Báez --
_tRamón Saúl Sánchez Rizo: ¿Un "pacifista", un "demócrata" que se pasa 40 años poniendo bombas...? /
_rLázaro Barredo --
_tAlgo más sobre el terrorista Ramón saúl Sánchez Rizo /
_rRené González Sehwerert --
_tLeonel Macías González: traición en el canal. La muerte en la 50-34 /
_rIleana García --
_tRodolfo Frómeta: Frómeta y F-4: el cruce genético del terrorismo /
_rJoel García --
_tLuis Posada Carriles: el diablo los cría y el diablo los junta. El que faltaba /
_rJuan Carlos Rodríguez Cruz --
_tA manera de epílogo /
_rRené González Sehwerert --
_gDe los autores.
650 4 _aTerroristas
_xEnsayos, conferencias, etc.
_95896
650 4 _aTerrorismo
_xEstudio de casos
_95897
651 4 _aEstados Unidos
_xRelaciones Exteriores
_zSiglo Xxi
_95898
700 1 _aRosabal, Heriberto
_95899
700 1 _aAlonso, Mercedes
_95900
700 1 _aGarcía, Pedro A.
_95901
700 1 _aBianchi Ross, Ciro
_95902
700 1 _aValle, Amaury E. del
_95903
700 1 _aHoz, Pedro de la
_95904
700 1 _aFulgueiras, José Antonio
_95905
700 1 _aHevia Frasquieri, Manuel
_95906
700 1 _aBáez, Luis
_95907
700 1 _aBarredo, Lázaro
_95908
700 1 _aGonzález Sehwerert, René
_95909
700 1 _aGarcía, Ileana
_95910
700 1 _aGarcía, Joel
_95911
700 1 _aRodríguez Cruz, Juan Carlos
_95912
700 1 _aHernández Nordelo, Gerardo,
_epról.
_95913
910 _aValidado. Control de calidad. EMS
999 _c1695
_d1695